Finanční management

Saved in:
Bibliographic Details
Main Author: Režňáková, Mária
Corporate Author: Vysoké učení technické v Brně. Fakulta podnikatelská
Format: Book
Language:Czech
Published: Brno Akademické nakladatelství CERM, s.r.o. 2005
Edition:3. aktualiz. a rozšíř. vyd.
Subjects:
Tags: Add Tag
No Tags, Be the first to tag this record!

MARC

LEADER 00000nam$a2200000$$$4500
001 0054847
005 20240226134102.6
020 |a 80-214-3036-2 
041 0 |a cze 
044 |a CZ 
245 1 0 |a Finanční management  |c Mária Režňáková 
250 |a 3. aktualiz. a rozšíř. vyd. 
264 1 |a Brno  |b Akademické nakladatelství CERM, s.r.o.  |c 2005 
300 |a 119 s. 
610 2 0 |a manažment finančný 
610 2 0 |a riadenie finančné 
610 2 0 |a stratégia investičná 
610 2 0 |a rozhodovanie 
610 2 0 |a riziko 
610 2 0 |a rozhodovanie investičné 
610 2 0 |a fúzie 
610 2 0 |a plánovanie finančné 
610 2 0 |a kapitál 
610 2 0 |a likvidita 
610 2 0 |a podnik 
610 2 0 |a štúdie prípadové 
100 1 |a Režňáková, Mária 
710 2 |a Vysoké učení technické v Brně. Fakulta podnikatelská